00680nam a2200205 a 450000100060000000300080000600500170001400800410003103500190007204000270009104100080011808200220012610000200014824501120016826000340028030000270031450400510034165000350039265000470042745447BD-RjUL20211209054020.0160726s1954 xx b 001 0 eng  a(BD-RjUL)45565 aDLCcOTUdBD-RjULbeng aeng 223bJAS 1954a3401 aJacobini, H. B.02aA study of the philosophy of international law as seen in works of Latin American writers /cH. B. Jacobini aThe Hague :bNijhoff,cc1954. aviii, 158 p. ;c25 cm. aIncludes index and Bibliography: p. [143]-154. 0aInternational lawxPhilosophy. 0aInternational lawzLatin AmericaxHistory.